Выбор геометрических параметров резцов при обработке титановых сплавов на токарно-карусельных станках; Доклады IV научно-технической конференции "Технический прогресс в машиностроении"

Détails bibliographiques
Parent link:Доклады IV научно-технической конференции "Технический прогресс в машиностроении".— 1972.— С. 187-190
Auteur principal: Полетика М. Ф.
Autres auteurs: Афонасов А. И., Сбоев В. Н.
Publié: 1972
Sujets:
Format: MixedMaterials Chapitre de livre
KOHA link:https://koha.lib.tpu.ru/cgi-bin/koha/opac-detail.pl?biblionumber=593965

MARC

LEADER 00000naa0a2200000 4500
001 593965
005 20250611114542.0
035 |a (RuTPU)RU\TPU\tpu\8003 
035 |a TPU00000464 
090 |a 593965 
100 |a 20020118d1972 k||y0rusy50 ca 
102 |a RU 
200 1 |a Выбор геометрических параметров резцов при обработке титановых сплавов на токарно-карусельных станках  |f М. Ф. Полетика, А. И. Афонасов, В. Н. Сбоев 
463 |t Доклады IV научно-технической конференции "Технический прогресс в машиностроении"  |v С. 187-190  |d  1972 
610 1 |a режущий инструмент 
610 1 |a резцы 
610 1 |a титановые сплавы 
610 1 |a токарно-карусельные станки 
610 1 |a труды учёных ТПУ 
700 1 |a Полетика  |b М. Ф. 
701 1 |a Афонасов  |b А. И. 
701 1 |a Сбоев  |b В. Н. 
801 0 |a RU  |b 63413507  |c 20020118  |g PSBO 
801 2 |a RU  |b 63413507  |c 20090915  |g RCR 
850 |a 63413507 
942 |c BK